00872nam a22001937a 4500003000800000008004100008037002000049040003500069041000800104080001000112100002900122245013300151260009500284300002000379502016300399650006400562655002300626700002900649BI-BuBU260504b2025 bd fr|||| 000 0 fre d bDon de l'auteur aBI-BuBUbfrecBI-BuBUdBI-BuBU0 afre a342.71 4aut.aNsabimana, Gabriel16aDe la protection des droits de l'homme par la cour constitutionnelle au BurundicGabriel Nsabimana ; Egide Manirakiza, directeur aBujumburabUniversité du Burundi, Faculté des Sciences Politiques et Juridiques c2025 aX-76 f.c30 cm. aMémoire présenté et défendu en vue de l'obtention du diplôme de master complémentaire en droits de l'homme et résolution pacifique des conflits. 72BI-BuBUaDroit de l'hommexCour constitutionnelle zBurundi 72BI-BuBUaMémoire1 4dir.aManirakiza, Egide